| 000 | 00820nam a22002297a 4500 | ||
|---|---|---|---|
| 005 | 20150501121222.0 | ||
| 010 | _aBAC-EN21 ENG-111776 | ||
| 020 |
_a9788189107710 _c250.00 |
||
| 035 | _aEN-95308 | ||
| 035 | _aB-587455-470 | ||
| 037 |
_bLandmark/Ven _adpl |
||
| 037 | _bDBAD/PUB | ||
| 082 | _a658.4092 | ||
| 100 | _aClemmer, Jim | ||
| 245 |
_aThe leader's digest : _cby Jim Clemmer _btimeless principles for team and organization success / |
||
| 260 |
_aBhopal _bIndra Publishing House _c2013 |
||
| 270 |
_aE-5/21, Area Colony,Habibganj Police Station Road _bBhopal _e462016 |
||
| 300 |
_a224p. : _c24cm(pbk) _bill. |
||
| 500 | _aIncludes index | ||
| 942 |
_2ddc _cEN _h658.4092 _mCLE |
||
| 999 |
_c89537 _d89537 |
||